000 00834 a2200277 4500
001 63168
005 20260407155927.0
008 260407a1977 arg spa d
003 AR-UNSa-BCEJYS
040 _aAR-UNSa-BCEJYS
_bspa
_cAR-UNSa-BCEJYS
080 _a656.121
_xTransporte público en las ciudades. Vehículos de alquiler
245 1 0 _aManual del transporte urbano
264 1 _aMadrid :
_bInstituto de Estudios de Administración Local
_c1977
300 _a674 p.
_c24 cm.
041 _aspa
942 _cBK
590 _aniveau_biblio:m niveau_hierar:0
100 1 _aDickey, John W.
700 1 _aStuart, Robert C.
700 1 _aTellez Olmo, Santiago
700 1 _aWalker, Richard D.
700 1 _aCunningham, Michael C.
700 1 _aWinslow, Alan G.
700 1 _aDiewald, Walter J.
700 1 _aDay Ding, G.
999 _c8009
_d8009